ARRUPE JESUIT UNIVERSITY

CORONAVIRUS -STOP THE SPREAD - CLEAN,DISINFECT,COVER

Peoples of the Old Testament world / (Record no. 128791)

MARC details
000 -LEADER
fixed length control field 01188pam a2200301 a 4500
001 - CONTROL NUMBER
control field 2052586
003 - CONTROL NUMBER IDENTIFIER
control field ARRUPE
005 - DATE AND TIME OF LATEST TRANSACTION
control field 20190121125342.0
008 - FIXED-LENGTH DATA ELEMENTS--GENERAL INFORMATION
fixed length control field 931108s1994 miua b 001 0 eng
010 ## - LIBRARY OF CONGRESS CONTROL NUMBER
LC control number 93040419
020 ## - INTERNATIONAL STANDARD BOOK NUMBER
International Standard Book Number 0801043832
040 ## - CATALOGING SOURCE
Original cataloging agency DLC
Transcribing agency DLC
Modifying agency DLC
043 ## - GEOGRAPHIC AREA CODE
Geographic area code aw-----
050 00 - LIBRARY OF CONGRESS CALL NUMBER
Classification number DS62.23
Item number .P46 1994
082 00 - DEWEY DECIMAL CLASSIFICATION NUMBER
Classification number 221.9/5
Edition number 20
300 ## - PHYSICAL DESCRIPTION
Other physical details ill. ;
Dimensions 24 cm.
245 00 - TITLE STATEMENT
Title Peoples of the Old Testament world /
Statement of responsibility, etc edited by Alfred J. Hoerth, Gerald L. Mattingly & Edwin M. Yamauchi ; foreword by Alan R. Millard.
260 ## - PUBLICATION, DISTRIBUTION, ETC. (IMPRINT)
Place of publication, distribution, etc Grand Rapids, Mich. :
Name of publisher, distributor, etc Baker Books,
Date of publication, distribution, etc c1994.
300 ## - PHYSICAL DESCRIPTION
Extent 400 p. :
504 ## - BIBLIOGRAPHY, ETC. NOTE
Bibliography, etc Includes bibliographical references and indexes.
630 00 - SUBJECT ADDED ENTRY--UNIFORM TITLE
Uniform title Bible.
Name of part/section of a work Old Testament
General subdivision History of Biblical events.
9 (RLIN) 4878
650 #0 - SUBJECT ADDED ENTRY--TOPICAL TERM
Topical term or geographic name as entry element Ethnology
Geographic subdivision Middle East.
9 (RLIN) 44049
651 #0 - SUBJECT ADDED ENTRY--GEOGRAPHIC NAME
Geographic name Middle East
General subdivision History
Chronological subdivision To 622.
9 (RLIN) 44050
700 1# - ADDED ENTRY--PERSONAL NAME
Personal name Hoerth, Alfred J.
9 (RLIN) 44051
700 1# - ADDED ENTRY--PERSONAL NAME
Personal name Mattingly, Gerald L.
9 (RLIN) 44052
700 1# - ADDED ENTRY--PERSONAL NAME
Personal name Yamauchi, Edwin M.
9 (RLIN) 44053
906 ## - LOCAL DATA ELEMENT F, LDF (RLIN)
a 7
b cbc
c orignew
d 1
e ocip
f 19
g y-gencatlg
942 ## - ADDED ENTRY ELEMENTS (KOHA)
Source of classification or shelving scheme Library of Congress Classification
Koha item type Monograph ( Printed materials)
Holdings
Withdrawn status Lost status Source of classification or shelving scheme Damaged status Not for loan Collection code Home library Current library Shelving location Date acquired Total Checkouts Full call number Barcode Date last seen Price effective from Koha item type
    Library of Congress Classification     Main Collection ARRUPE LIBRARY ARRUPE LIBRARY Main Collection 21/01/2019   DS62.23 .P46 1994 46600002429 21/01/2019 21/01/2019 Monograph ( Printed materials)

 

Arrupe Library. PO Box MP320 Mt Pleasant, Harare, Zimbabwe
263 242 745411|librarian@aju.ac.zw